Une image, un pays (partie 3) - Statistiques

Statistiques générales
  • Ce quiz a été pris 124 fois
  • Le résultat moyen est 6 sur 8
Statistiques - réponses
Par images Réponse % Correct
Egypte
98%
Mexique
85%
Corée du sud
82%
Allemagne
71%
Canada
69%
Cambodge
63%
Portugal
55%
Maroc
51%
Aucun quiz correspondant
Distribution des résultats
% des personnes avec chaque résultat
Percentile par nombre de réponses
Votre historique - résultats
Vous n’avez pas pris ce quiz